| 000 | 01086cab a22002175a 4500 | ||
|---|---|---|---|
| 001 | L143148 | ||
| 008 | 080410s2008 xxk f f000 0 eng d | ||
| 035 | _a(Sirsi) u143148 | ||
| 041 | 0 | _aeng | |
| 100 | 1 | _aKeeping, Miles | |
| 245 | 0 | 0 |
_aNeeded _ba decent environmental policy map |
| 260 | _c2008 | ||
| 490 |
_aProperty Forecast _v11(3) March 2008, 2-3(2) |
||
| 520 | _aProvides an overview of the various government initiatives which have been introduced to encourage developers, investors and occupiers to take account of environmental factors. Argues that environmental policy is an increasingly complicated area requiring careful study. It is hoped that the code for Sustainable Buildings will help to draw the various strands together. Covers Planning Policy Statement One, commercial energy performance certificates, BREEAM and other relevant codes. | ||
| 590 | _aKA | ||
| 650 | 2 | 4 | _aPLANNING POLICY STATEMENT ONE |
| 650 | 2 | 4 | _aCOMMERCIAL ENERGY PERFORMANCE CERTIFICATES |
| 651 | 4 |
_aUnited Kingdom _y |
|
| 690 | _aBUILT ENVIRONMENT-SUSTAINABLE CONSTRUCTION | ||
| 942 | _n0 | ||
| 999 |
_c80071 _d80071 |
||